00682nam a22002417a 4500003000500000005001700005008004100022010001000063011001000073035001000083040000900093082001500102100002000117245004300137260003800180300003100218650002900249650003000278650001500308650001500323700001700338710008500355CHAP20220329140753.0971013s1985 r 00010 d a57328 a58300 a62455 cCHAP a631.46bS600aSomasegaran, P. aMethods in legume Rhizobium technology aHonolulu, Hawaii :bNIFTAL,c1985 a367 p.b: ilus. ; gráfs.14aBacterias nitrificantes.14aLegumbresxInoculación.14aRhizobium.14aSimbiosis.0 aHoben, H. J.0 aUniversity of Hawaii. Nitrogen Fixation in Tropical Agriculture Legumes Project.